| 000 | 00474nam a22001937a 4500 | ||
|---|---|---|---|
| 003 | bpm | ||
| 005 | 20260421102411.0 | ||
| 008 | 260421b |||||||| |||| 00| p spa d | ||
| 024 | _aS. C. C. / M. C. y E. M.: | ||
| 040 | _aAR-CtUCP | ||
| 041 | _aspa | ||
| 080 | _aCDU | ||
| 100 | _aSemper Cultural | ||
| 245 |
_aCanción para extranjeros : _by otros poemas |
||
| 260 |
_aResistencia _bKram _c2010 |
||
| 650 | _aLiteratura - Poesía | ||
| 942 | _cLIB | ||
| 999 |
_c76676 _d76676 |
||